000 00688cam a22002294a 4500
008
020 _a053634180X (hbk. )
049 0 0 _aMAIN
090 _aHF5681
_bFIN
245 1 0 _aFinancial statement analysis :
_bCFA programme cirriculum,
_nVol. 3 /
_cCFA Institute.
260 _aBoston :
_bPearson,
_cc2008.
300 _axiv, 703 [179] p. :
_bill. :
_c27 cm.
500 _aIncludes index.
650 _aFinancial information management.
650 0 _aFinancial statements.
700 _aCFA Institute.
907 _a.b10285015
_b20-07-11
_c11-10-10
003
005 20230123125050.0
040 _cNUST
942 _cBOOKS
_kHF5681
_mFIN
999 _c135113
_d135113